000 003110000a22001450004500
003 MACL
040 _aMACL
090 _c33778
_d33776
100 _aTennick, Arthur
245 _aVisual Basic 4
260 _bBP B Publications
_c1996
350 _a150
650 _aComputer probraming
942 _cBOOK
_k005/ten
999 _c33424
_d33424